000 00618nam a2200241Ia 4500
001 21141
003 DO-CoUTE
005 20260204212613.0
008 220104s9999 dr 000 0 spa d
020 _a978-84-291-2608-2
040 _aDO-CoUTE
_bspa
_cDO-CoUTE
041 0 _aspa
082 _a330 B277c
100 1 _aBarro, Robert
245 1 0 _aCrecimiento economico / Robert J. Barro
260 _aBarcelona,España : Reverte
300 _a660 páginas
650 4 _aEconómia
700 1 _aMartin, Xavier
942 _2ddc
_cBK
999 _c21116
_d21116